| 000 | 01004nam a22002057a 4500 | ||
|---|---|---|---|
| 005 | 20210325190818.0 | ||
| 008 | s2532 th tha d | ||
| 041 | _atha | ||
| 090 | _aว HD66 อ513ก 2532 | ||
| 100 | 0 | _aอัจฉรินทร์ สารสาส | |
| 245 | 1 | 0 | _aการเพิ่มประสิทธิภาพขององค์กรโดยระบบการบริหารแบบทุกคนมีส่วนร่วม |
| 260 | 3 |
_aกรุงเทพฯ : _bวิทยาลัยป้องกันราชอาณาจักร, _c2532 |
|
| 300 |
_a187 หน้า : _b ตาราง, แผนภูมิ ; _c 29 ซม. |
||
| 650 | 0 | 4 | _aกลุ่มสร้างคุณภาพงาน -- วิจัย |
| 650 | 0 | 4 | _aการบริหารงานแบบญี่ปุ่น -- วิจัย |
| 850 | _aNALT | ||
| 942 | _cRSH | ||
| 997 |
_c000000000026473 _kVC |
||
| 998 | _aNISA LUANGTONGKUM | ||
| 999 |
_c26473 _d26473 |
||